00566 a2200157 450000500170000000800410001702000180005804000510007604100080012710000340013524501070016926000380027630000180031450400530033265000230038520140903175015.0140116s2013 ck frn 001 0dspa d a9789587621167 aCO-BoUCMbspacRoberto BurgosdDiana Londoño00aspa1 aPascual Almeida, Miguel Angel14aLos secretos del outsourcing, seis combreros para gobernar un serviciocMiguel Ángel Pascual Almeida c2013bEdiciones de la UaBogotá a192 páginas aIncluye referencias bibliográficas e índices 7aSubcontratación